Central Library OPAC University of Rajshahi

ইমাম বুখারী (রহ.) : (Record no. 86099)

MARC details
000 -LEADER
fixed length control field 00956nam a2200229 a 4500
001 - CONTROL NUMBER
control field 86099
003 - CONTROL NUMBER IDENTIFIER
rucl marc code BD-RjUL
005 - DATE AND TIME OF LATEST TRANSACTION
control field 20260113112919.0
008 - FIXED-LENGTH DATA ELEMENTS--GENERAL INFORMATION
fixed length control field 260113s2021 bg ||||| |||| 00| 0 ben d
020 ## - INTERNATIONAL STANDARD BOOK NUMBER
International Standard Book Number 97898489210801 :
Terms of availability Tk. 400.00
035 ## - SYSTEM CONTROL NUMBER
System control number (BD-RjUL)86099
040 ## - CATALOGING SOURCE
Original cataloging agency BD-RjUL
Language of cataloging eng
Transcribing agency BD-RjUL
041 ## - LANGUAGE CODE
Language code of text/sound track or separate title ben
082 ## - DEWEY DECIMAL CLASSIFICATION NUMBER
Edition number 23
Classification number 297.12541
Author mark and year HOI 2021
100 ## - MAIN ENTRY--PERSONAL NAME
Personal name হোসেন, মোহাম্মদ বেলাল
245 ## - TITLE STATEMENT
Title ইমাম বুখারী (রহ.) :
Remainder of title জীবন ও হাদীস চর্চা /
Statement of responsibility, etc. মোহাম্মদ বেলাল হোসেন
260 ## - PUBLICATION, DISTRIBUTION, ETC. (IMPRINT)
Place of publication, distribution, etc. ঢাকা :
Name of publisher, distributor, etc. বাংলাদেশ ইসলামিক সেন্টার,
Date of publication, distribution, etc. ২০২১
300 ## - PHYSICAL DESCRIPTION
Pagination ৪১৬ পৃ.;
Size ২৪ সেমি.
600 ## - SUBJECT ADDED ENTRY--PERSONAL NAME
Personal name আল-বুখারী, মুহাম্মদ ইবনে ঈসমাইল
Personal name Al-Bukhari, Muhammad ibn Ismail
942 ## - ADDED ENTRY ELEMENTS (KOHA)
Source of classification or shelving scheme Dewey Decimal Classification
Koha item type Books
Holdings
Lost status Source of classification or shelving scheme Damaged status Not for loan Collection code Permanent Location Current Location Shelving location Date acquired Source of acquisition Cost, normal purchase price Total Checkouts Full call number Date last seen Copy number Koha item type
  Dewey Decimal Classification   Not For Loan Non-fiction Central Library, University of Rajshahi Central Library, University of Rajshahi Reading Room 12/01/2026 Muhammad Belal Hossain 360.00   B 297.12541 HOI 2021 13/01/2026 C-1 Books
  Dewey Decimal Classification     Non-fiction Central Library, University of Rajshahi Central Library, University of Rajshahi General Stacks 12/01/2026 Muhammad Belal Hossain 360.00   B 297.12541 HOI 2021 13/01/2026 C-2 Books
  Dewey Decimal Classification     Non-fiction Central Library, University of Rajshahi Central Library, University of Rajshahi General Stacks 12/01/2026 Muhammad Belal Hossain 360.00   B 297.12541 HOI 2021 13/01/2026 C-3 Books
  Dewey Decimal Classification     Non-fiction Central Library, University of Rajshahi Central Library, University of Rajshahi General Stacks 12/01/2026 Muhammad Belal Hossain 360.00   B 297.12541 HOI 2021 13/01/2026 C-4 Books
  Dewey Decimal Classification     Non-fiction Central Library, University of Rajshahi Central Library, University of Rajshahi General Stacks 12/01/2026 Muhammad Belal Hossain 360.00   B 297.12541 HOI 2021 13/01/2026 C-5 Books